Compendio de información estadística
Uloženo v:
| Korporativní autor: | |
|---|---|
| Médium: | Kniha |
| Jazyk: | španělština |
| Vydáno: |
Santiago
Ministerio de Educación Pública
1996
|
| Témata: | |
| Tagy: |
Přidat tag
Žádné tagy, Buďte první, kdo vytvoří štítek k tomuto záznamu!
|
MARC
| LEADER | 00000nam a2200000 a 4500 | ||
|---|---|---|---|
| 001 | UCS8627 | ||
| 003 | CL-VaPUC | ||
| 008 | 971107e19960000CL |||||||||||||||||spa|d | ||
| 082 | 0 | 4 | |a 379.072 |b MIN |2 21 |
| 110 | 2 | |a Ministerio de Educación Pública |e author |9 393407 | |
| 245 | 1 | 0 | |a Compendio de información estadística |
| 300 | |a 282 p | ||
| 942 | |c BK | ||
| 945 | |d 19971107 00:00:00 |a jquezada | ||
| 260 | |a Santiago |b Ministerio de Educación Pública |c 1996 | ||
| 650 | 0 | |a Educación |9 258661 | |
| 650 | 0 | |a Estadística |9 259535 | |
| 650 | 0 | |a Establecimiento educacional |9 393408 | |
| 650 | 7 | |a MATRICULAS |2 CL-VaPUC |9 362139 | |
| 650 | 0 | |a Calidad de la educación |9 307271 | |
| 650 | 0 | |a Educación básica |9 224933 | |
| 650 | 0 | |a Educación superior |9 223851 | |
| 650 | 0 | |a Analfabetismo |9 324360 | |
| 650 | 0 | |a Recursos humanos |9 228420 | |
| 650 | 7 | |a RECURSOS FINANCIEROS |2 CL-VaPUC |9 359145 | |
| 650 | 0 | |a Calidad de la educación |9 307271 | |
| 650 | 7 | |a CAPACITACION |2 CL-VaPUC |9 333907 | |
| 651 | 7 | |a CHILE |2 CL-VaPUC |9 393409 | |
| 583 | |a last modification |c 19971107 00:00:00 |k Rodrigo Vera | ||
| 999 | |c 262926 |d 262924 | ||
| 952 | |0 0 |1 0 |4 0 |6 379_072000000000000_MIN_1996 |7 0 |8 A |9 291968 |a BIBEDU |b BIBEDU |d 2019-11-19 |i 3361454 |o 379.072 MIN 1996 |p 3361454 |r 2019-11-19 |w 2019-11-19 |y BK |k EDU | ||